Game of Thrones Opening Credits Quiz Stats

 Plays Quiz Updated Apr 24, 2016

Score 0/12 Timer 05:00
0 Plays Today
% Correct
The Wall
98.5%
Winterfell
88.5%
King's Landing
87.1%
Pyke
70.1%
Braavos
69.1%
The Twins
63.9%
Meereen
58.2%
Harrenhal
49.4%
The Eyrie
46%
Qarth
37.4%
Pentos
31.7%
Dragonstone
28.1%

You're not logged in!

Compare scores with friends on all Sporcle quizzes.
OR
Log In

Show Comments

Extras

Top Quizzes Today


Score Distribution

Your Account Isn't Verified!

In order to create a playlist on Sporcle, you need to verify the email address you used during registration. Go to your Sporcle Settings to finish the process.

Report this User

Report this user for behavior that violates our Community Guidelines.

Details: